| 000 | 00718nam a2200121Ia 4500 | ||
|---|---|---|---|
| 008 | 220615s9999||||xx |||||||||||||| ||und|| | ||
| 100 | _aKeane, Rory||Ommundsen, Thorodd | ||
| 245 | 0 |
_aMoney Matters _bAddressing the Financial Sustainability of Security Sector Reform |
|
| 546 | _aEnglish[eng] | ||
| 650 | _asecurity sector reform||good governance||finance||budget||sustainability||Liberia | ||
| 856 | _uhttps://library.oapen.org/bitstream/20.500.12657/25840/1/money-matters.pdf||https://library.oapen.org/bitstream/20.500.12657/25840/1/money-matters.pdf||https://library.oapen.org/bitstream/20.500.12657/25840/1/money-matters.pdf||https://library.oapen.org/bitstream/20.500.12657/25840/1/money-matters.pdf | ||
| 942 | _cEB | ||
| 999 |
_c13937 _d13937 |
||